000 00860nam a2200253Ia 4500
003 OSt
005 20221005104514.0
006 a|||||r|||| 00| 0
007 ta
008 221004b |||||||| |||| 00| 0 san d
024 _a31730
037 _cTextual
040 _aCRL
_cCRL
_bsan
041 _2san
_asan
082 _aP15,Cx1,1,6, L9
100 _aभट्टोजी, दीक्षित
245 0 _aवैयाकरणसिद्धान्तकौमुदी
246 _aVaiyākaraṇasiddhāntakaumudī
260 _aदिल्ली
_bमोतीलाल बनारसीदास भारत
_c1979
300 _a354पृ.
_ccm.
650 _aहिन्दी भाषा
942 _hP15,Cx1,1,6, L9
_cTEXL
_2cc
999 _c1012898
_d1012898